000 00617nam a22001937a 4500
005 20130903150712.0
010 _aB-523522-552
020 _a9788184826173
_c695.00
037 _adpl
_bUBH/Ven
082 _aS
245 _aBrave Warriors And Fighters/
260 _aMumbai
_bAmar Chitra Katha
270 _aForum Building,3rd Floor, Raghuvanshi Mills Compound, Lower Parel (W)
_bMumbai
_e400013
300 _aV.3 480p
_b24cm.(Hb)
_cCol. ill.
490 _a15-in-1
_v3
500 _a15-in-1
942 _2ddc
_cCH
_hS
999 _c78531
_d78531